01452nam a2200229 a 4500041000800000110002600008245013600034260005300170300001000223520070800233650002300941650002200964650001900986650002401005650001401029650002401043650001801067650002401085662003801109662003901147662003601186 aspa bFundación Humedales aPlan de acción para la conservación y manejo de la biodiversidad en el complejo de humedales de Fúquene, Cucunubá y Palacio aBogotábInstituto Alexander von Humboldtc2005 a21 p. aEl Plan de manejo contiene una introducción que incluye casos internacionales y nacionales. Plantea varios escenarios de manejo posible. Explica los factores necesarios para la sostenibilidad de un plan de acción de este tipo. Presentan un contexto histórico y biogeográfico del área y describe detalladamente el ecositema , la riqueza y diversidad de especies, y los procesos humanos asociados. El plan detalla los objetivos y procesos de la biodiversidad priorizados para la realización del mismo. El plan propone las figuras de conservación para la zona y la zonificación interna. Por último presenta las líneas de acción estratégicas y las líneas de acción transversales. aPlanes de acción aManejo sostenible aUso sostenible aRiqueza de especies aHumedales aRecursos hídricos aBiodiversidad aActividades humanas aColombiadFúquenebCundinamarca aColombiadCucunubábCundinamarca aColombiadPalaciobCundinamarca